|
|
|
|
| LEADER |
01329nam a22003137a 4500 |
| 001 |
35180 |
| 003 |
BD-DhAAL |
| 008 |
190827t2006 si a f 001 0 eng d |
| 999 |
|
|
|c 41066
|d 41066
|
| 020 |
|
|
|a 9812453407
|
| 040 |
|
|
|a BD-DhAAL
|
| 082 |
|
|
|a 720.94
|2 22
|
| 100 |
|
|
|a Hossbach, Benjamin
|9 33635
|
| 245 |
|
|
|a Winning designs :
|b new breed of architecture /
|c Benjamin Hossback, Christian Lehmhaus
|
| 260 |
|
|
|a Singapore :
|b Page One Publishing,
|c c2006
|
| 300 |
|
|
|a 445 pages :
|b illustrations (chiefly colors), plans, ;
|c 29 cm
|
| 500 |
|
|
|a Includes index.
|
| 526 |
|
|
|a ARC
|
| 541 |
|
|
|a Complimentary copy from the department of Architecture
|e 35180
|
| 650 |
|
|
|a Architecture, Industrial
|x Awards.
|9 33636
|
| 650 |
|
|
|a Architecture, Industrial
|x Designs and plans.
|9 33637
|
| 650 |
|
|
|a Architecture, Modern
|y 21st Century.
|9 33638
|
| 650 |
|
|
|a Office buildings
|x Designs and plans.
|9 33639
|
| 650 |
|
|
|a Office buildings
|x Awards.
|9 33640
|
| 650 |
|
|
|a Urban landscape architecture.
|9 33641
|
| 700 |
|
|
|a Lehmhaus, Christian
|9 33642
|
| 852 |
|
|
|a Department of Architecture
|c General Stacks
|
| 942 |
|
|
|2 ddc
|c BK
|
| 952 |
|
|
|0 0
|1 0
|2 ddc
|4 0
|6 720_940000000000000_HOS
|7 0
|9 66068
|a BRACUL
|b BRACUL
|c GEN
|d 2019-08-27
|e Complimentary copy
|l 0
|o 720.94 HOS
|p 3010035180
|r 2019-08-27
|t 1
|w 2019-08-27
|y BK
|x Transferred from ARC to BRACUL on 28/12/2023
|